[Event "Konyaalti op"]
[Site "Konyaalti"]
[Date "2019.11.17"]
[Round "1"]
[White "Mammadov, Zaur Fazahir Oglu"]
[Black "Esen, Nejdet"]
[Result "1-0"]
[WhiteElo "2421"]
[BlackElo "1912"]
[PlyCount "125"]
[EventDate "2019.11.17"]
[EventType "swiss"]
[EventRounds "9"]
[EventCountry "TUR"]
[SourceTitle "CBM 193 Extra"]
[Source "ChessBase"]
[SourceDate "2020.01.31"]
[SourceVersion "1"]
[SourceVersionDate "2020.01.31"]
[SourceQuality "1"]

1. e4 c5 2. c3 Nf6 3. e5 Nd5 4. Nf3 e6 5. d4 cxd4 6. cxd4 b6 7. Bd3 Ba6 8. Bxa6 Nxa6 9. 0-0 Be7 10. Nc3 Nac7 11. Ne4 0-0 12. Qd3 f5 13. exf6 gxf6 14. Bh6 Rf7 15. Rac1 Kh8 16. a3 Qg8 17. Ng3 Bd6 18. Qd2 Qg6 19. Rfe1 Bf8 20. Bxf8 Raxf8 21. Re4 Rg7 22. Rh4 Nb5 23. Rh6 Qg4 24. Qd1 Qf4 25. Rh4 Rg4 26. Rxg4 Qxg4 27. Qa4 a6 28. Re1 Ra8 29. h3 Qg7 30. Re4 Nd6 31. Rg4 Qf7 32. Ne4 Nf5 33. Nc3 b5 34. Qb3 h5 35. Re4 Nd6 36. Re1 Nf4 37. Ne2 Nd5 38. Nh4 Rg8 39. Qf3 Rg5 40. Nf4 Nf5 41. Nxf5 Rxf5 42. g3 Nxf4 43. gxf4 Qg7+ 44. Kh1 Qh6 45. Qa8+ Kg7 46. Rg1+ Kf7 47. Rg8 Ke7 48. Re8+ Kf7 49. Rh8 Qxh8 50. Qxh8 a5 51. Qd8 Rd5 52. Qxa5 Kg6 53. Qd2 Kf5 54. Kg2 Ke4 55. Qe3+ Kf5 56. Kf3 Kg6 57. b3 Kf7 58. a4 bxa4 59. bxa4 Ke7 60. Qc3 Kd8 61. a5 Rd6 62. Qc5 Ra6 63. Qb5 1-0

[Event "TUR-chT Clubs"]
[Site "Konya"]
[Date "2019.07.20"]
[Round "8.12"]
[White "Esen, Nejdet"]
[Black "Senyuz, Mustafa Zorbey"]
[Result "1-0"]
[WhiteElo "1918"]
[BlackElo "1754"]
[PlyCount "102"]
[EventDate "2019.07.16"]
[EventType "team-swiss"]
[EventRounds "9"]
[EventCountry "TUR"]
[SourceTitle "CBM 191 Extra"]
[Source "ChessBase"]
[SourceDate "2019.09.30"]
[SourceVersion "1"]
[SourceVersionDate "2019.09.30"]
[SourceQuality "1"]
[WhiteTeam "Busan Genclik"]
[BlackTeam "Yalova Beyaz Fil"]
[WhiteTeamCountry "TUR"]
[BlackTeamCountry "TUR"]

1. e4 c5 2. Nf3 Nc6 3. Bb5 e6 4. Bxc6 bxc6 5. 0-0 Nf6 6. Nc3 Be7 7. d3 Qc7 8. Qe2 e5 9. b3 d6 10. h3 h6 11. Bd2 Be6 12. Nh2 g6 13. Nd1 Qd7 14. Ne3 Bf8 15. c3 Bg7 16. Rad1 Qc8 17. Bc1 0-0 18. h4 g5 19. hxg5 hxg5 20. Nc4 Bxc4 21. dxc4 Qe6 22. Bxg5 a5 23. Rd3 a4 24. Z0 axb3 25. axb3 Ra3 26. Rg3 Nh7 27. Bc1 Rxb3 28. Qh5 Rb7 29. Ng4 Kh8 30. Bh6 f5 31. Bxg7+ Rxg7 32. Ne3 fxe4 33. Rxg7 Kxg7 34. Ra1 Rf7 35. g4 Qg6 36. Nf5+ Rxf5 37. Qxf5 Qxf5 38. gxf5 Kf6 39. Ra7 Ng5 40. Rd7 Nf3+ 41. Kh1 Kxf5 42. Rxd6 Ne1 43. Rxc6 Nd3 44. Kg2 e3 45. fxe3 Ke4 46. Rd6 Kxe3 47. Kf1 Kd2 48. Rd5 Ke3 49. Kg2 e4 50. Kg3 Nb4 51. Rh5 Nc6 1-0

[Event "TUR-chT 1st League"]
[Site "Konya"]
[Date "2017.07.23"]
[Round "9.9"]
[White "Esen, Nejdet"]
[Black "Hajiyev, Shahin Qabil"]
[Result "1/2-1/2"]
[WhiteElo "2002"]
[BlackElo "2008"]
[PlyCount "65"]
[EventDate "2017.07.17"]
[EventType "team-swiss"]
[EventRounds "9"]
[EventCountry "TUR"]
[SourceTitle "EXT 2018"]
[Source "ChessBase"]
[SourceDate "2017.10.13"]
[SourceVersion "1"]
[SourceVersionDate "2017.10.13"]
[SourceQuality "1"]
[WhiteTeam "Yalova Belediye"]
[BlackTeam "Kahramanmaras CC"]
[WhiteTeamCountry "TUR"]
[BlackTeamCountry "TUR"]

1. e4 e5 2. Nf3 Nc6 3. Bc4 Bc5 4. c3 Nf6 5. d4 exd4 6. cxd4 Bb4+ 7. Nc3 Nxe4 8. 0-0 Bxc3 9. d5 Bf6 10. Re1 Ne7 11. Rxe4 d6 12. Bg5 Bxg5 13. Nxg5 h6 14. Qh5 0-0 15. Rae1 Ng6 16. Ne6 fxe6 17. Qxg6 e5 18. Rxe5 dxe5 19. d6+ Kh8 20. Bd3 Bf5 21. Bxf5 Rxf5 22. Qxf5 cxd6 23. h3 Rc8 24. Rd1 Rc5 25. b4 Qc8 26. Qg6 Rc1 27. Qxd6 Rxd1+ 28. Qxd1 Qc4 29. Qd6 Qxa2 30. Qb8+ Kh7 31. Qxb7 Qa1+ 32. Kh2 Qd4 33. Kg1 1/2-1/2

[Event "Manavgat Turkey Cup"]
[Site "Manavgat"]
[Date "2016.02.06"]
[Round "11"]
[White "Esen, Nejdet"]
[Black "Burcu, Cagatay"]
[Result "0-1"]
[WhiteElo "2058"]
[BlackElo "2193"]
[PlyCount "78"]
[EventDate "2016.01.30"]
[EventType "swiss"]
[EventRounds "11"]
[EventCountry "TUR"]
[SourceTitle "CBM 170 Extra"]
[Source "ChessBase"]
[SourceDate "2016.02.25"]
[SourceVersion "1"]
[SourceVersionDate "2016.02.25"]
[SourceQuality "1"]

1. e4 e6 2. Nf3 d5 3. Nc3 Nf6 4. e5 Nfd7 5. d4 c5 6. dxc5 Nc6 7. Bf4 Bxc5 8. Bd3 f6 9. exf6 Qxf6 10. Bg3 0-0 11. 0-0 g6 12. Qe2 Nd4 13. Nxd4 Bxd4 14. Rae1 Nc5 15. Bd6 Rf7 16. Nb5 Nxd3 17. cxd3 Bb6 18. Be5 Qg5 19. Nd4 Bd7 20. f4 Qe7 21. a3 Rc8 22. Kh1 Qf8 23. Nf3 Bd8 24. Ng5 Bxg5 25. fxg5 Rf5 26. g4 Rc2 27. Rxf5 Qc5 28. Rf8+ Kxf8 29. Qf3+ Ke8 30. Rf1 Qe7 31. Bd4 e5 32. Qd1 Ba4 33. b3 Bxb3 34. Qb1 Ba4 35. Re1 e4 36. dxe4 dxe4 37. Rc1 e3 38. Rxc2 Qe4+ 39. Kg1 Bc6 0-1

[Event "Manavgat Turkey Cup"]
[Site "Manavgat"]
[Date "2016.02.02"]
[Round "5"]
[White "Esen, Nejdet"]
[Black "Guven, Oguz Kagan"]
[Result "1-0"]
[WhiteElo "2058"]
[BlackElo "1854"]
[PlyCount "97"]
[EventDate "2016.01.30"]
[EventType "swiss"]
[EventRounds "11"]
[EventCountry "TUR"]
[SourceTitle "CBM 170 Extra"]
[Source "ChessBase"]
[SourceDate "2016.02.25"]
[SourceVersion "1"]
[SourceVersionDate "2016.02.25"]
[SourceQuality "1"]

1. e4 c5 2. Nf3 d6 3. d4 cxd4 4. Nxd4 Nf6 5. Nc3 a6 6. Bg5 e6 7. f4 Nbd7 8. Qf3 Qc7 9. 0-0-0 Be7 10. g4 h6 11. Bxf6 Bxf6 12. h4 b5 13. Bg2 Bb7 14. g5 Bxd4 15. Rxd4 0-0-0 16. Rhd1 hxg5 17. hxg5 Nb6 18. a4 bxa4 19. Nxa4 d5 20. Nxb6+ Qxb6 21. exd5 Bxd5 22. Qc3+ Qc7 23. Qxc7+ Kxc7 24. Bxd5 Rxd5 25. Rxd5 exd5 26. Rxd5 g6 27. Re5 Kd6 28. Ra5 Ra8 29. b4 Kc6 30. b5+ Kc5 31. Rxa6 Rf8 32. Rf6 Kxb5 33. f5 gxf5 34. g6 Kc5 35. Rxf5+ Kd6 36. gxf7 Ke7 37. Kd2 Rd8+ 38. Ke3 Kf8 39. c4 Rc8 40. c5 Rd8 41. Ke4 Rd1 42. Ke5 Re1+ 43. Kd6 Rd1+ 44. Kc7 Rc1 45. c6 Rd1 46. Kc8 Rc1 47. c7 Rb1 48. Kd7 Rd1+ 49. Kc6 1-0

[Event "Manavgat Turkey Cup"]
[Site "Manavgat"]
[Date "2015.02.05"]
[Round "9"]
[White "Eden, Yagiz"]
[Black "Esen, Nejdet"]
[Result "0-1"]
[WhiteElo "1830"]
[BlackElo "2072"]
[PlyCount "105"]
[EventDate "2015.01.31"]
[EventType "swiss"]
[EventRounds "11"]
[EventCountry "TUR"]
[SourceTitle "CBM 164 Extra"]
[Source "ChessBase"]
[SourceDate "2015.03.02"]
[SourceVersion "1"]
[SourceVersionDate "2015.03.02"]
[SourceQuality "1"]

1. e4 c5 2. Nf3 e6 3. Qe2 a6 4. g3 b5 5. Bg2 Bb7 6. d3 Be7 7. 0-0 h5 8. h4 Nh6 9. c3 Ng4 10. d4 Qb6 11. Rd1 d6 12. Nbd2 Nd7 13. Nf1 Ndf6 14. Ng5 Rc8 15. f3 Nh6 16. Be3 d5 17. e5 Nd7 18. Bh3 Rc6 19. f4 g6 20. Nf3 Rc8 21. Bf2 cxd4 22. cxd4 b4 23. Ne3 a5 24. Bf1 0-0 25. Rdc1 Rc7 26. Qd2 Rfc8 27. Nh2 Kg7 28. Be2 Nf5 29. Nxf5+ exf5 30. Nf1 Nf8 31. Ne3 Ne6 32. Rd1 f6 33. Bf3 fxe5 34. fxe5 Qb5 35. Be1 a4 36. Qg2 Nxd4 37. Rxd4 Bc5 38. Qd2 Qb6 39. Rd3 Ba6 40. Bf2 Bxd3 41. Qxd3 Rd7 42. Kg2 Bxe3 43. Bxe3 d4 44. Bg5 a3 45. b3 Rc3 46. Qf1 Rc2+ 47. Kh3 d3 48. Rd1 Qd4 49. Bf4 Rf2 50. Qh1 Rxa2 51. e6 Re7 52. Re1 Kh7 53. Bd5 0-1

[Event "Manavgat Turkey Cup"]
[Site "Manavgat"]
[Date "2015.02.04"]
[Round "7"]
[White "Yigit, Ahmet Yasir"]
[Black "Esen, Nejdet"]
[Result "1-0"]
[WhiteElo "1900"]
[BlackElo "2072"]
[PlyCount "149"]
[EventDate "2015.01.31"]
[EventType "swiss"]
[EventRounds "11"]
[EventCountry "TUR"]
[SourceTitle "CBM 164 Extra"]
[Source "ChessBase"]
[SourceDate "2015.03.02"]
[SourceVersion "1"]
[SourceVersionDate "2015.03.02"]
[SourceQuality "1"]

1. c4 Nf6 2. g3 g6 3. Bg2 Bg7 4. Nc3 0-0 5. e4 d6 6. d4 c6 7. Nge2 Qc7 8. 0-0 e5 9. h3 Nh5 10. g4 Nf6 11. Be3 Nfd7 12. Ng3 Nb6 13. b3 c5 14. dxc5 dxc5 15. Nd5 Nxd5 16. cxd5 Na6 17. Rc1 Qa5 18. Qe2 b6 19. a4 Nb4 20. Rfd1 Ba6 21. Qd2 Rac8 22. Bf1 Bxf1 23. Kxf1 Qa6+ 24. Kg2 Qb7 25. Bh6 Rcd8 26. Bxg7 Kxg7 27. f3 Qe7 28. h4 h6 29. Rh1 Rh8 30. Rh2 Nc6 31. Ne2 Na5 32. Qc3 Kh7 33. h5 Qg5 34. Rch1 Kg7 35. Kg3 Qf6 36. Qe3 g5 37. Kg2 Rc8 38. Rc1 c4 39. bxc4 Nxc4 40. Qd3 Nd6 41. Rhh1 Nb7 42. Rxc8 Rxc8 43. Rd1 Nc5 44. Qb5 a6 45. Qc4 Qd8 46. Ng3 Nb7 47. Nf5+ Kh7 48. Qxa6 Rc2+ 49. Kg3 Nd6 50. Qa7 Nxf5+ 51. exf5 Qc7 52. Qxc7 Rxc7 53. d6 Rd7 54. f6 Kg8 55. Kf2 Kf8 56. Ke3 Ke8 57. Ke4 Ra7 58. Kxe5 Ra5+ 59. Rd5 Rxa4 60. d7+ Kd8 61. Kd6 Rf4 62. Kc6 Rxf6+ 63. Kb5 Rxf3 64. Rd6 Rf4 65. Kxb6 Rxg4 66. Kc6 Ra4 67. Kd5 g4 68. Rxh6 Kxd7 69. Rh8 f5 70. Ke5 f4 71. h6 Ra5+ 72. Kxf4 Ra6 73. h7 Rf6+ 74. Kg3 Ke7 75. Ra8 1-0

[Event "Manavgat Turkey Cup"]
[Site "Manavgat"]
[Date "2015.01.31"]
[Round "1"]
[White "Komurcu, Bilal Can"]
[Black "Esen, Nejdet"]
[Result "0-1"]
[WhiteElo "1619"]
[BlackElo "2072"]
[PlyCount "58"]
[EventDate "2015.01.31"]
[EventType "swiss"]
[EventRounds "11"]
[EventCountry "TUR"]
[SourceTitle "CBM 164 Extra"]
[Source "ChessBase"]
[SourceDate "2015.03.02"]
[SourceVersion "1"]
[SourceVersionDate "2015.03.02"]
[SourceQuality "1"]

1. e4 c5 2. Nf3 e6 3. d4 cxd4 4. Nxd4 a6 5. c4 Qc7 6. Nc3 Nf6 7. Be3 Bc5 8. Be2 0-0 9. 0-0 d6 10. Kh1 Nc6 11. Nc2 Nb4 12. Nxb4 Bxb4 13. Qc2 Bxc3 14. bxc3 e5 15. f4 Ng4 16. Bxg4 Bxg4 17. f5 f6 18. Qb3 Kh8 19. Rfe1 Bh5 20. Rab1 Rfb8 21. Bb6 Qc6 22. Qb4 Rc8 23. Ba5 b5 24. cxb5 axb5 25. Qxb5 Qxb5 26. Rxb5 Be8 27. Rd5 Bc6 28. Rxd6 Rxa5 29. Red1 h6 0-1